[Event "Montcalm V 2002-03"]
[Site "Quebec CAN"]
[Date "2003.03.13"]
[Round "4"]
[White "Caron, Sebastien"]
[Black "Bourassa, Andre"]
[Result "1-0"]
[WhiteElo "1519"]
[BlackElo "1746"]
[PlyCount "34"]
[EventDate "2003.02.20"]
[EventType "swiss"]
[EventRounds "5"]
[EventCountry "CAN"]

1. e4 c5 2. Nf3 d6 3. d4 cxd4 4. Nxd4 Nf6 5. Nc3 a6 6. Be2 e6 7. Be3 Be7 8. f4
Qc7 9. Qd2 Nbd7 10. g4 Nc5 11. Bf3 e5 12. Nf5 Bxf5 13. exf5 h5 14. g5 Ng4 15.
Bxg4 hxg4 16. Nd5 Qc6 17. O-O-O O-O-O 1-0

[Event "Montcalm V 2002-03"]
[Site "Quebec CAN"]
[Date "2003.03.13"]
[Round "4"]
[White "Lessard, Claude"]
[Black "Auger, Bertrand"]
[Result "1-0"]
[WhiteElo "2010"]
[BlackElo "2038"]
[PlyCount "47"]
[EventDate "2003.02.20"]
[EventType "swiss"]
[EventRounds "5"]
[EventCountry "CAN"]

1. d4 e6 2. c4 Nf6 3. Nf3 b6 4. e3 Bb7 5. Bd3 Be7 6. Nc3 d6 7. e4 Nbd7 8. Bf4
O-O 9. Qd2 c5 10. d5 e5 11. Bg5 Re8 12. g4 Nf8 13. Bxf6 Bxf6 14. g5 Be7 15. h4
a6 16. O-O-O Bc8 17. Rdg1 Bd7 18. h5 b5 19. Nh4 g6 20. hxg6 hxg6 21. f4 exf4
22. Qxf4 Nh7 23. Nf3 Kg7 24. Rxh7+ 1-0

[Event "Montcalm V 2002-03"]
[Site "Quebec CAN"]
[Date "2003.03.13"]
[Round "4"]
[White "Saint Amand, Paul"]
[Black "Fecteau, Martin"]
[Result "1-0"]
[WhiteElo "2047"]
[BlackElo "1920"]
[PlyCount "135"]
[EventDate "2003.02.20"]
[EventType "swiss"]
[EventRounds "5"]
[EventCountry "CAN"]

1. e4 c5 2. Nf3 d6 3. c3 Nf6 4. Bd3 e5 5. O-O Be7 6. Bc2 O-O 7. h3 Nc6 8. d3 h6
9. Nbd2 Rb8 10. a4 Be6 11. Re1 Qc7 12. Qe2 a6 13. Nc4 b5 14. axb5 axb5 15. Ne3
b4 16. Nf5 Bxf5 17. exf5 b3 18. Bd1 Rb7 19. Nd2 Na5 20. Nc4 Nxc4 21. dxc4 Rfb8
22. Ra3 Kh8 23. Bd2 Ng8 24. Qh5 Bf8 25. Bf3 Nf6 26. Qh4 Ra7 27. Rxa7 Qxa7 28.
Bxh6 Kg8 29. Bg5 Be7 30. Bxf6 Bxf6 31. Qe4 Qa2 32. Re2 Qa1+ 33. Kh2 Qc1 34. g3
Qg5 35. h4 Qc1 36. Qd3 Be7 37. Qd2 Qa1 38. Re1 Qa4 39. Qd5 Qa2 40. Re2 Qa6 41.
Be4 Bf6 42. Re1 Be7 43. Rb1 Bf8 44. Kh3 Qa7 45. Qd1 Rb6 46. Ra1 Qc7 47. Ra3 Qb8
48. Ra1 Qd8 49. Ra7 Rb8 50. Bd5 Be7 51. Qa1 Kf8 52. Qa4 Bf6 53. Rd7 Qe8 54. Qa7
Rd8 55. Rc7 Rc8 56. Rb7 Ra8 57. Qb6 Qc8 58. g4 Qd8 59. Qxb3 Rc8 60. Qb5 Rc7 61.
Rb6 Rc8 62. g5 Bxg5 63. hxg5 Qxg5 64. Qd7 Qh5+ 65. Kg3 Qg5+ 66. Kf3 Qh5+ 67.
Ke3 Qg5+ 68. Kd3 1-0

[Event "Montcalm V 2002-03"]
[Site "Quebec CAN"]
[Date "2003.03.13"]
[Round "4"]
[White "Sauve, Richard"]
[Black "Dion, Jean-Francois"]
[Result "1-0"]
[WhiteElo "2088"]
[BlackElo "1741"]
[PlyCount "75"]
[EventDate "2003.02.20"]
[EventType "swiss"]
[EventRounds "5"]
[EventCountry "CAN"]

1. d4 Nf6 2. c4 g6 3. Nc3 Bg7 4. e4 d6 5. f4 O-O 6. Nf3 Nbd7 7. Be2 c6 8. O-O
Qc7 9. e5 dxe5 10. dxe5 Ne8 11. Be3 b6 12. Qe1 Nc5 13. Qg3 Bf5 14. Nd4 Bd3 15.
Rad1 Ne4 16. Qf3 Nxc3 17. Rxd3 Nxe2+ 18. Nxe2 Qc8 19. Nd4 Nc7 20. Nxc6 Qa6 21.
Nxe7+ Kh8 22. b3 Qxa2 23. Rfd1 Rfe8 24. Nd5 Ne6 25. f5 Nc5 26. Bxc5 bxc5 27. f6
Bf8 28. Nc7 Rab8 29. Nxe8 Rxe8 30. Rd8 Rxd8 31. Rxd8 Qa1+ 32. Kf2 Qb2+ 33. Qe2
Qxe2+ 34. Kxe2 Kg8 35. Ke3 h5 36. h4 a6 37. Ke4 a5 38. Kd5 1-0

[Event "Montcalm V 2002-03"]
[Site "Quebec CAN"]
[Date "2003.03.20"]
[Round "5"]
[White "Daigle, Robert"]
[Black "Bourassa, Andre"]
[Result "0-1"]
[WhiteElo "1413"]
[BlackElo "1746"]
[PlyCount "90"]
[EventDate "2003.02.20"]
[EventType "swiss"]
[EventRounds "5"]
[EventCountry "CAN"]

1. e4 c5 2. c4 g6 3. d3 Bg7 4. Be2 Nc6 5. Nf3 Nd4 6. O-O Nxe2+ 7. Qxe2 d6 8. h3
e6 9. Nc3 Ne7 10. Bg5 O-O 11. Qd2 Qd7 12. Bh6 Nc6 13. Bxg7 Kxg7 14. Rae1 b6 15.
Re3 Nd4 16. Rfe1 Bb7 17. Nh2 e5 18. Rg3 f5 19. exf5 Rxf5 20. Ng4 Raf8 21. Qh6+
Kg8 22. Nd5 Bxd5 23. cxd5 Qf7 24. Qe3 Qxd5 25. Nh6+ Kg7 26. Nxf5+ Nxf5 27. Qe4
Qxe4 28. Rxe4 Nxg3 29. fxg3 Rf7 30. b4 Rc7 31. bxc5 Rxc5 32. Rc4 b5 33. Rb4 a5
34. Rb2 Kf6 35. g4 Ke6 36. Re2 Kd5 37. Kf2 Kd4 38. Rd2 b4 39. h4 a4 40. h5 b3
41. axb3 axb3 42. hxg6 hxg6 43. Ke1 Rc1+ 44. Rd1 b2 45. Kd2 Rxd1+ 0-1

[Event "Montcalm V 2002-03"]
[Site "Quebec CAN"]
[Date "2003.03.20"]
[Round "5"]
[White "Dion, Jean-Francois"]
[Black "Servant, Michel"]
[Result "1-0"]
[WhiteElo "1741"]
[BlackElo "1633"]
[PlyCount "135"]
[EventDate "2003.02.20"]
[EventType "swiss"]
[EventRounds "5"]
[EventCountry "CAN"]

1. d4 Nf6 2. Nf3 e6 3. Bf4 b6 4. e3 Bb7 5. Nbd2 Be7 6. h3 O-O 7. c3 d5 8. Bd3
c5 9. a4 Nbd7 10. O-O Rc8 11. a5 Ne4 12. Qc2 f5 13. Ne5 cxd4 14. exd4 g5 15.
Bh2 Ndf6 16. a6 Ba8 17. Nxe4 dxe4 18. Bc4 Nd5 19. Qe2 Bf6 20. Bb3 Re8 21. Qh5
Qe7 22. Rfe1 Qg7 23. Nc4 Red8 24. Nd6 Rc6 25. Ne8 Qf7 26. Nxf6+ Qxf6 27. Be5
Qg6 28. Qxg6+ hxg6 29. Bxd5 exd5 30. Kh2 Re8 31. Kg3 Kf7 32. f3 Rce6 33. Rh1
Bc6 34. h4 gxh4+ 35. Rxh4 R6e7 36. Rah1 Bb5 37. Rh7+ Ke6 38. R7h6 Rg8 39. Ra1
e3 40. f4 e2 41. Kf2 Kd7 42. Re1 Kc6 43. b3 Bxa6 44. g4 fxg4 45. Rg1 Bd3 46.
Rxg4 a5 47. Rg3 Ba6 48. f5 Rf7 49. Rgxg6+ Rxg6 50. Rxg6+ Kb7 51. Rg7 Rxg7 52.
Bxg7 Bb5 53. f6 Be8 54. Kxe2 Kc6 55. Kd3 b5 56. c4 bxc4+ 57. bxc4 dxc4+ 58.
Kxc4 a4 59. d5+ Kd6 60. Kd4 a3 61. Bf8+ Kd7 62. Bxa3 Bf7 63. Ke5 Bg8 64. Be7
Bf7 65. d6 Bg8 66. Kf5 Bf7 67. Kg5 Ke6 68. Kh6 1-0

[Event "Montcalm V 2002-03"]
[Site "Quebec CAN"]
[Date "2003.03.20"]
[Round "5"]
[White "Fecteau, Martin"]
[Black "Lessard, Claude"]
[Result "0-1"]
[WhiteElo "1920"]
[BlackElo "2010"]
[PlyCount "50"]
[EventDate "2003.02.20"]
[EventType "swiss"]
[EventRounds "5"]
[EventCountry "CAN"]

1. e4 c5 2. Nf3 d6 3. d4 cxd4 4. Nxd4 Nf6 5. Nc3 g6 6. h3 Bg7 7. Be3 O-O 8. Be2
a6 9. a4 Nc6 10. O-O Bd7 11. Nb3 Rc8 12. f4 Nb4 13. Bf3 Qc7 14. Qe2 Be6 15.
Rfd1 Bc4 16. Qf2 Nd7 17. Bd4 e5 18. Be3 exf4 19. Bxf4 Ne5 20. Nd4 Nbc6 21. Be2
Nxd4 22. Rxd4 Bxe2 23. Nxe2 Qxc2 24. Rxd6 Nd3 25. Qf1 Nxf4 0-1

[Event "Montcalm VI 2002-03"]
[Site "Quebec CAN"]
[Date "2003.03.27"]
[Round "1"]
[White "Angers, Gilles"]
[Black "Audet-Bouchard, Nicolas"]
[Result "0-1"]
[WhiteElo "1981"]
[BlackElo "2098"]
[PlyCount "48"]
[EventDate "2003.03.27"]
[EventType "tourn"]
[EventRounds "5"]
[EventCountry "CAN"]

1. e4 g6 2. d4 Bg7 3. c3 d6 4. f4 Nf6 5. Bd3 O-O 6. Nf3 Nbd7 7. O-O e5 8. fxe5
dxe5 9. dxe5 Ng4 10. Bg5 Qe8 11. e6 Qxe6 12. Nd4 Qb6 13. Qxg4 c5 14. Nf5 gxf5
15. Qg3 Kh8 16. exf5 c4+ 17. Be3 Qxb2 18. f6 Nxf6 19. Qh4 cxd3 20. Rxf6 Qxa1
21. Bd4 Qxb1+ 22. Rf1 Qxf1+ 23. Kxf1 Bxd4 24. Qxd4+ f6 0-1

[Event "Montcalm VI 2002-03"]
[Site "Quebec CAN"]
[Date "2003.03.27"]
[Round "1"]
[White "Dion, Jean-Francois"]
[Black "Laflamme, Simon"]
[Result "0-1"]
[WhiteElo "1799"]
[BlackElo "1768"]
[PlyCount "62"]
[EventDate "2003.03.27"]
[EventType "tourn"]
[EventRounds "5"]
[EventCountry "CAN"]

1. d4 Nf6 2. Nf3 d6 3. Bf4 g6 4. h3 Bg7 5. e3 O-O 6. Nbd2 Nfd7 7. Bc4 e5 8. Bg5
Qe8 9. O-O Nc6 10. c3 Kh8 11. b4 h6 12. Bh4 f5 13. Bg3 g5 14. Qc2 Qh5 15. Bh2
g4 16. hxg4 Qxg4 17. Ne1 Nb6 18. Bb3 f4 19. exf4 exd4 20. cxd4 Nxd4 21. Qxc7
Ne2+ 22. Kh1 Bxa1 23. Nef3 Bg7 24. Re1 Nxf4 25. Bxf4 Qxf4 26. Re7 Bd7 27. Qxb7
Rac8 28. g3 Rc1+ 29. Kg2 Qf5 30. Be6 Bxe6 31. Rxg7 Qh3# 0-1

[Event "Montcalm VI 2002-03"]
[Site "Quebec CAN"]
[Date "2003.03.27"]
[Round "1"]
[White "Fecteau, Martin"]
[Black "Martineau, Michel"]
[Result "1/2-1/2"]
[WhiteElo "1907"]
[BlackElo "1802"]
[PlyCount "68"]
[EventDate "2003.03.27"]
[EventType "tourn"]
[EventRounds "5"]
[EventCountry "CAN"]

1. d4 g6 2. e4 Bg7 3. Nf3 c6 4. c3 d5 5. e5 Nh6 6. Bd3 O-O 7. O-O Bg4 8. h3
Bxf3 9. Qxf3 f6 10. exf6 exf6 11. Bf4 Nd7 12. Bd6 Re8 13. Ba3 f5 14. Nd2 Qg5
15. Qd1 Re6 16. Nf3 Qf4 17. g3 Qc7 18. Ng5 Ree8 19. Re1 Nf8 20. Re2 Nf7 21. Nf3
Rxe2 22. Qxe2 Nd6 23. Bxd6 Qxd6 24. Re1 Bf6 25. Ne5 Re8 26. f4 Bxe5 27. fxe5
Qe7 28. Qd2 Ne6 29. Qh6 Qg7 30. Qe3 Rf8 31. Rf1 Qe7 32. Kh2 Qg5 33. Qxg5 Nxg5
34. Kg2 Ne6 1/2-1/2

[Event "Montcalm VI 2002-03"]
[Site "Quebec CAN"]
[Date "2003.03.27"]
[Round "1"]
[White "Sauve, Richard"]
[Black "Lessard, Claude"]
[Result "0-1"]
[WhiteElo "2111"]
[BlackElo "2066"]
[PlyCount "62"]
[EventDate "2003.03.27"]
[EventType "tourn"]
[EventRounds "5"]
[EventCountry "CAN"]

1. d4 d5 2. c4 c6 3. Nf3 Nf6 4. Nc3 dxc4 5. a4 g6 6. e3 Bg7 7. Bxc4 O-O 8. Qb3
Nbd7 9. Ng5 Nd5 10. Nxd5 cxd5 11. Bxd5 e6 12. Nxe6 fxe6 13. Bxe6+ Kh8 14. a5
Qf6 15. O-O Nc5 16. dxc5 Qxe6 17. Qxe6 Bxe6 18. Ra3 Rad8 19. b4 a6 20. f4 Rfe8
21. Kf2 Bc4 22. Rh1 Re4 23. h4 Bb5 24. h5 gxh5 25. Rb3 Ba4 26. Kf3 Rc4 27. Ra3
Bc6+ 28. Kg3 Rxb4 29. Ra2 Rc4 30. Bb2 Bxb2 31. Rxb2 Rxc5 0-1

[Event "Montcalm VI 2002-03"]
[Site "Quebec CAN"]
[Date "2003.04.03"]
[Round "2"]
[White "Audet-Bouchard, Nicolas"]
[Black "Sauve, Richard"]
[Result "0-1"]
[WhiteElo "2098"]
[BlackElo "2111"]
[PlyCount "58"]
[EventDate "2003.03.27"]
[EventType "tourn"]
[EventRounds "5"]
[EventCountry "CAN"]

1. e4 e6 2. d4 d5 3. Nc3 dxe4 4. Nxe4 Nd7 5. Nf3 Ngf6 6. Bg5 h6 7. Nxf6+ Nxf6
8. Bxf6 Qxf6 9. Ne5 Bd6 10. Qe2 O-O 11. O-O-O c5 12. Kb1 cxd4 13. Ng4 Qe7 14.
Rxd4 e5 15. Rd3 Bf5 16. Rg3 Kh8 17. Ne3 Bh7 18. Qh5 Bg6 19. Qg4 Rac8 20. Bc4
Bc5 21. Nf5 Qf6 22. Rf3 Qb6 23. Bb3 Bd4 24. Nxd4 exd4 25. Rd1 Qa5 26. Rf4 Bh5
27. Qd7 Bxd1 28. Rxf7 Bxc2+ 29. Ka1 Qe1# 0-1

[Event "Montcalm VI 2002-03"]
[Site "Quebec CAN"]
[Date "2003.04.03"]
[Round "2"]
[White "Berube, Antoine"]
[Black "Dion, Jean-Francois"]
[Result "0-1"]
[WhiteElo "1687"]
[BlackElo "1799"]
[PlyCount "74"]
[EventDate "2003.03.27"]
[EventType "tourn"]
[EventRounds "5"]
[EventCountry "CAN"]

1. d4 Nf6 2. c4 g6 3. Nc3 Bg7 4. e4 d6 5. f3 O-O 6. Be3 e5 7. d5 Nbd7 8. Qd2 a5
9. Nge2 Nc5 10. Nc1 Ne8 11. Nd3 b6 12. g4 f5 13. gxf5 gxf5 14. Bg5 Nf6 15. Nxc5
bxc5 16. exf5 Bxf5 17. Bd3 Qd7 18. O-O-O Nh5 19. Rhg1 Rf7 20. Ne4 Bg6 21. Qg2
Nf4 22. Bxf4 Rxf4 23. b3 a4 24. Kb1 axb3 25. axb3 Rb8 26. Bc2 Qa4 27. Nd2 Rxb3+
28. Nxb3 Qxb3+ 29. Kc1 Rxc4 30. Rd2 Bh6 31. Kd1 Rxc2 32. Rxc2 Qb1+ 33. Ke2
Qxc2+ 34. Ke1 Qc1+ 35. Ke2 Qd2+ 36. Kf1 Qxg2+ 37. Rxg2 c4 0-1

[Event "Montcalm VI 2002-03"]
[Site "Quebec CAN"]
[Date "2003.04.03"]
[Round "2"]
[White "Fecteau, Martin"]
[Black "Angers, Gilles"]
[Result "0-1"]
[WhiteElo "1907"]
[BlackElo "1981"]
[PlyCount "50"]
[EventDate "2003.03.27"]
[EventType "tourn"]
[EventRounds "5"]
[EventCountry "CAN"]

1. d4 Nf6 2. c4 c5 3. e3 cxd4 4. exd4 d5 5. cxd5 Nxd5 6. Nc3 e6 7. Nf3 Nc6 8.
a3 Be7 9. Bb5 O-O 10. O-O Bf6 11. Ne4 Be7 12. Re1 Qb6 13. Bc4 Rd8 14. Qb3 Nxd4
15. Nxd4 Qxd4 16. Ng3 Bc5 17. Be3 Nxe3 18. Rxe3 Qh4 19. Re2 Bd7 20. Ne4 Bb6 21.
g3 Qg4 22. Rae1 Bc6 23. Bb5 Bd5 24. Qa4 Qf3 25. Rc2 Bb3 0-1

[Event "Montcalm VI 2002-03"]
[Site "Quebec CAN"]
[Date "2003.04.03"]
[Round "2"]
[White "Laflamme, Simon"]
[Black "Bourassa, Andre"]
[Result "1-0"]
[WhiteElo "1768"]
[BlackElo "1695"]
[PlyCount "45"]
[EventDate "2003.03.27"]
[EventType "tourn"]
[EventRounds "5"]
[EventCountry "CAN"]

1. e4 c5 2. Nf3 d6 3. d4 cxd4 4. Nxd4 Nc6 5. Nc3 g6 6. Be3 Nf6 7. f3 Nxd4 8.
Bxd4 Bg7 9. Qd2 O-O 10. O-O-O a6 11. g4 b5 12. h4 Qa5 13. Kb1 Be6 14. Nd5 Qxd2
15. Nxe7+ Kh8 16. Rxd2 Rfe8 17. Nd5 Nxd5 18. Bxg7+ Kxg7 19. exd5 Bxd5 20. Bg2
Bc4 21. b3 Re2 22. Rxe2 Bxe2 23. Re1 1-0

[Event "Montcalm VI 2002-03"]
[Site "Quebec CAN"]
[Date "2003.04.10"]
[Round "3"]
[White "Angers, Gilles"]
[Black "Martineau, Michel"]
[Result "1/2-1/2"]
[WhiteElo "1981"]
[BlackElo "1802"]
[PlyCount "61"]
[EventDate "2003.03.27"]
[EventType "tourn"]
[EventRounds "5"]
[EventCountry "CAN"]

1. Nf3 g6 2. e4 Bg7 3. d4 c6 4. c3 d5 5. exd5 cxd5 6. Bd3 Nc6 7. O-O Nf6 8.
Nbd2 O-O 9. Re1 Qc7 10. Nf1 a6 11. a4 Bd7 12. Bg5 Rad8 13. Ne3 Bc8 14. Qc2 Nh5
15. c4 Nb4 16. Qb3 Nxd3 17. Qxd3 dxc4 18. Nxc4 Nf4 19. Bxf4 Qxf4 20. Rxe7 Rfe8
21. Qe3 Qxe3 22. Rxe3 Bh6 23. Rxe8+ Rxe8 24. Nd6 Rd8 25. Nxc8 Rxc8 26. Kf1 Rc2
27. Rb1 Bg7 28. b3 Kf8 29. Rd1 Ke7 30. Rd3 Kd6 31. Ne5 1/2-1/2

[Event "Montcalm VI 2002-03"]
[Site "Quebec CAN"]
[Date "2003.04.10"]
[Round "3"]
[White "Bourassa, Andre"]
[Black "Berube, Antoine"]
[Result "1-0"]
[WhiteElo "1695"]
[BlackElo "1687"]
[PlyCount "51"]
[EventDate "2003.03.27"]
[EventType "tourn"]
[EventRounds "5"]
[EventCountry "CAN"]

1. d4 d5 2. c4 dxc4 3. e4 e5 4. d5 Bb4+ 5. Bd2 Bxd2+ 6. Nxd2 f5 7. Bxc4 Nf6 8.
exf5 Bxf5 9. Qb3 b6 10. Ngf3 Qd6 11. Nh4 Bc8 12. O-O O-O 13. Rfe1 Kh8 14. Ne4
Nxe4 15. Rxe4 Nd7 16. Qe3 Bb7 17. Qh3 Bc8 18. Qg3 Qc5 19. Ng6+ hxg6 20. Rh4+
Kg8 21. d6+ Rf7 22. Qxg6 Qxf2+ 23. Kh1 cxd6 24. Bxf7+ Qxf7 25. Rh8+ Kxh8 26.
Qxf7 1-0

[Event "Montcalm VI 2002-03"]
[Site "Quebec CAN"]
[Date "2003.04.10"]
[Round "3"]
[White "Lessard, Claude"]
[Black "Audet-Bouchard, Nicolas"]
[Result "0-1"]
[WhiteElo "2066"]
[BlackElo "2098"]
[PlyCount "52"]
[EventDate "2003.03.27"]
[EventType "tourn"]
[EventRounds "5"]
[EventCountry "CAN"]

1. d4 Nf6 2. Nf3 b6 3. c4 e6 4. e3 Bb7 5. Bd3 Bb4+ 6. Bd2 a5 7. a3 Be7 8. Nc3
d6 9. O-O Nbd7 10. Rc1 O-O 11. Bb1 Re8 12. Ng5 h6 13. Nh3 e5 14. f4 exd4 15.
exd4 d5 16. cxd5 Nxd5 17. Nxd5 Bxd5 18. Qc2 Nf8 19. Qxc7 Bc5 20. Rxc5 bxc5 21.
Qxc5 Re2 22. Rf2 Rxd2 23. Rxd2 Rc8 24. b4 Rxc5 25. bxc5 Qe7 26. Kf2 Qb7 0-1

[Event "Montcalm VI 2002-03"]
[Site "Quebec CAN"]
[Date "2003.04.10"]
[Round "3"]
[White "Sauve, Richard"]
[Black "Fecteau, Martin"]
[Result "1/2-1/2"]
[WhiteElo "2111"]
[BlackElo "1907"]
[PlyCount "110"]
[EventDate "2003.03.27"]
[EventType "tourn"]
[EventRounds "5"]
[EventCountry "CAN"]

1. d4 Nf6 2. c4 e6 3. Nc3 Bb4 4. Qc2 O-O 5. a3 Bxc3+ 6. Qxc3 Ne4 7. Qc2 f5 8.
e3 b6 9. Nf3 Bb7 10. Bd3 d6 11. O-O Nd7 12. b4 Qe7 13. Bb2 c5 14. Nd2 Nxd2 15.
Qxd2 Qg5 16. f3 cxd4 17. Bxd4 e5 18. Bb2 Qh5 19. c5 bxc5 20. Bc4+ d5 21. Bxd5+
Bxd5 22. Qxd5+ Qf7 23. Rfd1 Nb6 24. Qxf7+ Rxf7 25. bxc5 Nc4 26. Bc3 Rc8 27. Kf2
Rfc7 28. Rd5 Rxc5 29. Rxc5 Rxc5 30. Bb4 Rc6 31. a4 Nb2 32. Ra3 Rc2+ 33. Kg3 Nc4
34. Rc3 Rxc3 35. Bxc3 Kf7 36. e4 fxe4 37. fxe4 Ke6 38. Kf2 Kd6 39. Bb4+ Kc6 40.
Ke2 Nb6 41. a5 Nd7 42. Kf3 Kb5 43. Be1 g6 44. h4 a6 45. g4 Kc4 46. h5 Nc5 47.
hxg6 hxg6 48. Bg3 Nd7 49. Be1 Kd3 50. Bb4 Kc4 51. Be7 Kb5 52. Bd8 Kc6 53. Ke3
Nc5 54. Bh4 Nb7 55. Be1 Nc5 1/2-1/2

[Event "Montcalm VI 2002-03"]
[Site "Quebec CAN"]
[Date "2003.04.17"]
[Round "4"]
[White "Angers, Gilles"]
[Black "Sauve, Richard"]
[Result "1/2-1/2"]
[WhiteElo "1981"]
[BlackElo "2111"]
[PlyCount "83"]
[EventDate "2003.03.27"]
[EventType "tourn"]
[EventRounds "5"]
[EventCountry "CAN"]

1. Nf3 d5 2. g3 Nf6 3. Bg2 e6 4. O-O c5 5. c4 Nc6 6. cxd5 Nxd5 7. Nc3 Be7 8.
Nxd5 Qxd5 9. d3 O-O 10. Be3 Qh5 11. Rc1 Bd7 12. d4 cxd4 13. Nxd4 Rfd8 14. Bf3
Qa5 15. Qb3 Nxd4 16. Bxd4 Qa4 17. Qxa4 Bxa4 18. Be3 Rd7 19. b3 Bb5 20. a4 Ba6
21. Rfd1 Rxd1+ 22. Rxd1 Kf8 23. Rd7 Ke8 24. Bxb7 Kxd7 25. Bxa8 Bxe2 26. Bxa7
Bd1 27. a5 Bxb3 28. Bd4 Bf6 29. Bxf6 gxf6 30. a6 Kc7 31. a7 Kb6 32. Be4 Kxa7
33. Bxh7 Bd1 34. Bg8 Bh5 35. f3 f5 36. Kf2 Kb6 37. h3 Kc5 38. g4 fxg4 39. fxg4
Bg6 40. h4 Kd6 41. h5 Bxh5 42. gxh5 1/2-1/2

[Event "Montcalm VI 2002-03"]
[Site "Quebec CAN"]
[Date "2003.04.17"]
[Round "4"]
[White "Dion, Jean-Francois"]
[Black "Bourassa, Andre"]
[Result "1-0"]
[WhiteElo "1799"]
[BlackElo "1695"]
[PlyCount "110"]
[EventDate "2003.03.27"]
[EventType "tourn"]
[EventRounds "5"]
[EventCountry "CAN"]

1. d4 d5 2. Nf3 Nf6 3. Bf4 e6 4. e3 Bd6 5. Bxd6 Qxd6 6. Nbd2 b6 7. c3 Nbd7 8.
Be2 O-O 9. O-O Bb7 10. a4 Rfe8 11. a5 e5 12. Qc2 h6 13. Rfc1 c5 14. a6 Bc6 15.
b4 c4 16. dxe5 Nxe5 17. Rd1 Qc7 18. Nxe5 Qxe5 19. Nf3 Qe4 20. Qd2 Rad8 21. Nd4
Ba8 22. Bf3 Qg6 23. Nb5 Rd7 24. Qd4 Ne4 25. h3 Qf6 26. Bxe4 Qxd4 27. Rxd4 Rxe4
28. Rad1 Rxd4 29. Nxd4 Kf8 30. b5 Rd6 31. Nf5 Re6 32. Rd4 h5 33. h4 g6 34. Ng3
Ke7 35. Ne2 Kd6 36. Rf4 f5 37. Nd4 Re5 38. Kf1 Kc5 39. Ke2 Re4 40. f3 Rxd4 41.
exd4+ Kxb5 42. g4 fxg4 43. fxg4 Bc6 44. gxh5 gxh5 45. Rf5 Kxa6 46. Rxh5 b5 47.
Re5 Bd7 48. Rxd5 Bg4+ 49. Kd2 Ka5 50. Kc1 Ka4 51. Kb2 a5 52. h5 Be2 53. h6 Bd3
54. Rd7 b4 55. h7 Bxh7 1-0

[Event "Montcalm VI 2002-03"]
[Site "Quebec CAN"]
[Date "2003.04.17"]
[Round "4"]
[White "Fecteau, Martin"]
[Black "Lessard, Claude"]
[Result "0-1"]
[WhiteElo "1907"]
[BlackElo "2066"]
[PlyCount "44"]
[EventDate "2003.03.27"]
[EventType "tourn"]
[EventRounds "5"]
[EventCountry "CAN"]

1. d4 d5 2. c4 c6 3. Nc3 dxc4 4. a4 g6 5. e3 Bg7 6. Bxc4 Nf6 7. Nf3 O-O 8. O-O
Na6 9. Bxa6 bxa6 10. Ne5 Qc7 11. Nd3 a5 12. Nc5 Nd7 13. N3e4 e5 14. Nxd7 Qxd7
15. Nc5 Qd5 16. Qc2 exd4 17. e4 d3 18. Nxd3 Qxe4 19. Re1 Qh4 20. Bd2 Bf5 21.
Bc3 Rad8 22. Red1 Qc4 0-1

[Event "Montcalm VI 2002-03"]
[Site "Quebec CAN"]
[Date "2003.04.17"]
[Round "4"]
[White "Martineau, Michel"]
[Black "Audet-Bouchard, Nicolas"]
[Result "0-1"]
[WhiteElo "1802"]
[BlackElo "2098"]
[PlyCount "66"]
[EventDate "2003.03.27"]
[EventType "tourn"]
[EventRounds "5"]
[EventCountry "CAN"]

1. c4 f5 2. g3 Nf6 3. Bg2 e6 4. Nc3 d5 5. Nf3 d4 6. Nb5 c5 7. Qa4 Bd7 8. Ne5
Nc6 9. Nxd7 Nxd7 10. d3 a6 11. Na3 Rc8 12. O-O Be7 13. Bd2 h5 14. Nc2 h4 15. b4
Qc7 16. Bxc6 bxc6 17. Qa5 Qe5 18. Qxa6 Kf7 19. Rae1 Qf6 20. Qa3 Bd6 21. Qc1
hxg3 22. hxg3 Qg6 23. Kg2 Qg4 24. Rh1 Ne5 25. Bf4 g5 26. Bxg5 Ng6 27. bxc5 Bb8
28. Rh6 f4 29. Rxg6 Qh3+ 30. Kf3 Kxg6 31. Bxf4 e5 32. Bg5 Rhf8+ 33. Ke4 Qf5#
0-1

[Event "Montcalm VI 2002-03"]
[Site "Quebec CAN"]
[Date "2003.04.24"]
[Round "5"]
[White "Audet-Bouchard, Nicolas"]
[Black "Fecteau, Martin"]
[Result "1/2-1/2"]
[WhiteElo "2098"]
[BlackElo "1907"]
[PlyCount "53"]
[EventDate "2003.03.27"]
[EventType "tourn"]
[EventRounds "5"]
[EventCountry "CAN"]

1. e4 c5 2. Nf3 d6 3. d4 cxd4 4. Nxd4 Nf6 5. Nc3 Nc6 6. Bg5 e6 7. Qd2 Be7 8.
O-O-O a6 9. f4 Qc7 10. Be2 Bd7 11. Bf3 Nxd4 12. Qxd4 Bc6 13. Rhe1 O-O 14. e5
dxe5 15. fxe5 Nd5 16. Bxe7 Nxe7 17. Qd6 Rac8 18. Rd2 Bxf3 19. gxf3 Nf5 20. Qxc7
Rxc7 21. Ne4 b5 22. Nd6 Ne7 23. Re4 Nd5 24. Kb1 Rb8 25. a3 g6 26. c3 Kf8 27.
Rdd4 1/2-1/2

[Event "Montcalm VI 2002-03"]
[Site "Quebec CAN"]
[Date "2003.04.24"]
[Round "5"]
[White "Bourassa, Andre"]
[Black "Bisson, Real"]
[Result "0-1"]
[WhiteElo "1695"]
[BlackElo "1681"]
[PlyCount "72"]
[EventDate "2003.03.27"]
[EventType "tourn"]
[EventRounds "5"]
[EventCountry "CAN"]

1. d4 e5 2. dxe5 Nc6 3. Nf3 Qe7 4. Qd5 b6 5. c3 Bb7 6. Bg5 f6 7. exf6 Nxf6 8.
Nbd2 Nxd5 9. Bxe7 Bxe7 10. Ne4 O-O-O 11. O-O-O Nf6 12. Nxf6 Bxf6 13. e3 d5 14.
Nd4 Nxd4 15. exd4 Bg5+ 16. Kc2 Rhf8 17. f3 Rde8 18. Bd3 g6 19. h4 Bf4 20. h5 c5
21. dxc5 bxc5 22. hxg6 hxg6 23. Bxg6 Re2+ 24. Kb1 Rxg2 25. Bh5 Kc7 26. Rhe1 Rf6
27. Re7+ Kb6 28. Rde1 Bc8 29. a4 Bf5+ 30. Ka1 Bd2 31. R1e5 Rg1+ 32. Ka2 Bb1+
33. Ka3 Bc2 34. R5e6+ Rxe6 35. Rxe6+ Ka5 36. b3 Bxc3 0-1

[Event "Montcalm VI 2002-03"]
[Site "Quebec CAN"]
[Date "2003.04.24"]
[Round "5"]
[White "Perreault, Jacquelin"]
[Black "Dion, Jean-Francois"]
[Result "0-1"]
[WhiteElo "1703"]
[BlackElo "1799"]
[PlyCount "68"]
[EventDate "2003.03.27"]
[EventType "tourn"]
[EventRounds "5"]
[EventCountry "CAN"]

1. e4 d6 2. d4 Nf6 3. Nc3 g6 4. f3 Bg7 5. Be3 O-O 6. Qd2 e5 7. O-O-O Nbd7 8. h4
a6 9. g4 b5 10. h5 Re8 11. Bh6 Bb7 12. Bxg7 Kxg7 13. hxg6 fxg6 14. Qh6+ Kg8 15.
Nh3 Nf8 16. Bd3 Qd7 17. Ng5 Qg7 18. Qxg7+ Kxg7 19. d5 h6 20. Nh3 g5 21. Ne2 Ng6
22. c4 Rf8 23. a3 bxc4 24. Bxc4 Nh4 25. Rd3 Nd7 26. f4 exf4 27. Nhxf4 gxf4 28.
Rxh4 Ne5 29. Rc3 c5 30. b4 cxb4 31. axb4 Rfc8 32. Bb3 Rxc3+ 33. Nxc3 Bc8 34. b5
f3 0-1

[Event "Montcalm VI 2002-03"]
[Site "Quebec CAN"]
[Date "2003.04.24"]
[Round "5"]
[White "Sauve, Richard"]
[Black "Martineau, Michel"]
[Result "0-1"]
[WhiteElo "2111"]
[BlackElo "1802"]
[PlyCount "38"]
[EventDate "2003.03.27"]
[EventType "tourn"]
[EventRounds "5"]
[EventCountry "CAN"]

1. d4 g6 2. c4 Bg7 3. e4 Nc6 4. d5 Nd4 5. Ne2 c5 6. Nbc3 e5 7. dxe6 dxe6 8. Be3
Ne7 9. Qd2 O-O 10. O-O-O Nec6 11. f4 Qa5 12. e5 Rd8 13. Bxd4 cxd4 14. Nb5 Qxa2
15. Nexd4 a6 16. Nd6 Rxd6 17. exd6 Nxd4 18. Qb4 Nb3+ 19. Kc2 Qxb2+ 0-1

[Event "Montcalm VII 2002-03"]
[Site "Quebec CAN"]
[Date "2003.05.01"]
[Round "1"]
[White "Chouinard, Bastien"]
[Black "Saint Amand, Paul"]
[Result "0-1"]
[WhiteElo "1696"]
[BlackElo "2068"]
[PlyCount "55"]
[EventDate "2003.05.01"]
[EventType "swiss"]
[EventRounds "5"]
[EventCountry "CAN"]

1. c4 Nf6 2. Nc3 e6 3. d4 c5 4. d5 exd5 5. cxd5 d6 6. e4 g6 7. Nf3 Bg7 8. Be2
O-O 9. Bg5 h6 10. Bh4 Re8 11. Qc2 a6 12. a4 Qc7 13. O-O Nbd7 14. Nd2 Rb8 15. f4
c4 16. Bxc4 b5 17. axb5 axb5 18. Be2 b4 19. Rf3 bxc3 20. Rxc3 Qb6+ 21. Bf2 Qxb2
22. Rc1 Qxc2 23. R1xc2 Nxd5 24. Rxc8 Rbxc8 25. Rxc8 Rxc8 26. exd5 Rc2 27. Bb5
Rxd2 28. Bxd7 0-1